Normal view
MARC view
Entry Topical Term
001 - CONTROL NUMBER
- control field: 9551
003 - CONTROL NUMBER IDENTIFIER
- control field: PK-LaUMT
005 - DATE AND TIME OF LATEST TRANSACTION
- control field: 20260227094208.0
008 - FIXED-LENGTH DATA ELEMENTS
- fixed length control field: 260227|| aca||aabn | a|a d
040 ## - CATALOGING SOURCE
- Original cataloging agency: PK-LaUMT
- Transcribing agency: PK-LaUMT
150 ## - HEADING--TOPICAL TERM
- Topical term or geographic name as entry element: College teaching-Vocational guidance
670 ## - SOURCE DATA FOUND
- Source citation: Work cat.: (PK-LaUMT)139926: Kitchener, Mary 9550, A field guide to working in higher education :, 2025
